00490nam a2200193 a 4500001001300000003000900013005001700022008004100039020002300080082001800103100002600121245002700147260003300174300000900207500003500216505001000251650000900261700002600270nice12345678IN_TiNIC20260116014402.0120216s2011 dela grp 000 0 eng  a9789381385401c57500a362.1969bSRI aSridevi, Rachabattuni aHIV/AIDS - Brief Study aDelhi bAncient Pubs. c2011 a248p aincludes index and biblioraphy2 aIndex aAids1 aSridevi, Rachabattuni